[Event "Tourn. n8165"]
[Site "www.chess-mail.com"]
[Date "2015.05.06"]
[Round "1"]
[White "Anja"]
[Black "Cyrilgeorge"]
[WhiteElo "1670"]
[BlackElo "1429"]
[Result "1-0"]
[Round "1"]
1.d4 d5
2.Ng1f3 Nb8c6
3.Bc1f4 Ng8f6
4.e3 Nf6e4
5.c4 dxc4
6.Bf1xc4 e6
7.O-O f5
8.Nb1d2 Ne4xd2
9.Qd1xd2 Bf8b4
10.Qd2c2 a5
11.Nf3e5 Nc6xe5
12.Bf4xe5 O-O
13.a3 Bb4d6
14.Rf1d1 Bd6xe5
15.dxe5 Qd8e7
16.e4 b6
17.exf5 Kh8
18.fxe6 Bc8xe6
19.Bc4xe6 Qe7xe6
20.Qc2xc7 h6
21.Rd1d7 Ra8c8
22.Qc7d6 Qe6xd6
23.Rd7xd6 Rf8e8
24.f4 Rc8b8
25.Ra1c1 Kh7
26.Rc1c6 b5
27.Rc6b6 Rb8xb6
28.Rd6xb6 { resign }
1-0

[Event "Tourn. n8172"]
[Site "www.chess-mail.com"]
[Date "2015.05.06"]
[Round "1"]
[White "Bevittsmith"]
[Black "Hrob71"]
[WhiteElo "2250"]
[BlackElo "2020"]
[Result "1-0"]
[Round "1"]
1.e4 e5
2.Ng1f3 Nb8c6
3.Bf1b5 f5
4.Nb1c3 fxe4
5.Nc3xe4 d5
6.Nf3xe5 dxe4
7.Ne5xc6 Qd8d5
8.c4 Qd5d6
9.Nc6xa7 Bc8d7
10.Bb5xd7 Qd6xd7
11.Qd1h5 Kd8
12.Qh5a5 b6
13.Qa5a6 Bf8c5
14.Qa6b7 Ra8xa7
15.Qb7xa7 Qd7f5
16.Qa7a8 Ke7
17.O-O Bc5d6
18.d4  { time }
1-0

[Event "Tourn. n8219"]
[Site "www.chess-mail.com"]
[Date "2015.05.06"]
[Round "1"]
[White "Gorgo"]
[Black "Cathar"]
[WhiteElo "2430"]
[BlackElo "2300"]
[Result "1-0"]
[Round "1"]
1.d4 f5
2.g3 Ng8f6
3.Bf1g2 g6
4.Ng1f3 Bf8g7
5.O-O O-O
6.c4 d6
7.Nb1c3 c6
8.Qd1c2 Nb8a6
9.a3 Na6c7
10.Rf1d1 Bc8e6
11.b3 Kh8
12.Bc1b2 Ra8b8
13.e3 Be6g8
14.a4 a5
15.Nc3e2 Nc7a6
16.Ne2f4 Na6b4
17.Qc2e2 b5
18.axb5 cxb5
19.Nf3g5 Qd8c8
20.d5 bxc4
21.bxc4 { resign }
1-0

[Event "Tourn. n8157"]
[Site "www.chess-mail.com"]
[Date "2015.05.06"]
[Round "1"]
[White "Wrightdjohn"]
[Black "Cardiff"]
[WhiteElo "2160"]
[BlackElo "2030"]
[Result "1-0"]
[Round "1"]
1.e4 d5
2.exd5 Ng8f6
3.d4 Nf6xd5
4.Ng1f3 g6
5.c4 Nd5b6
6.Bc1f4 Bf8g7
7.Bf4e5 O-O
8.Be5xg7 Kxg7
9.Bf1d3 Nb8c6
10.d5 Nc6b4
11.Nb1c3 Nb4xd3
12.Qd1xd3 e6
13.O-O-O exd5
14.cxd5 Bc8f5
15.Qd3d4 Kg8
16.g4 Bf5d7
17.h4 Rf8e8
18.h5 c6
19.hxg6 fxg6
20.Rh1xh7 Kxh7
21.Rd1h1 Kg8
22.Qd4h8 Kf7
23.Rh1h7 
1-0

[Event "Tourn. n8176"]
[Site "www.chess-mail.com"]
[Date "2015.05.06"]
[Round "1"]
[White "Hrob71"]
[Black "Duff"]
[WhiteElo "2020"]
[BlackElo "1850"]
[Result "1-0"]
[Round "1"]
1.e4 e5
2.Ng1f3 Nb8c6
3.d4 exd4
4.c3 d6
5.cxd4 Ng8f6
6.Nb1c3 Bc8g4
7.Bf1e2 Bf8e7
8.O-O O-O
9.a3 Rf8e8
10.h3 Bg4h5
11.Be2b5 a6
12.Bb5e2 Be7f8
13.Bc1g5 h6
14.Bg5xf6 Qd8xf6
15.Nc3d5 Qf6d8
16.Ra1c1 Re8xe4
17.Be2d3 Bh5xf3
18.Qd1xf3 Re4xd4
19.Qf3f5 Nc6e5
20.Qf5h7 { resign }
1-0

[Event "Tourn. n8147"]
[Site "www.chess-mail.com"]
[Date "2015.05.06"]
[Round "1"]
[White "Norwich"]
[Black "Gilliere"]
[WhiteElo "1610"]
[BlackElo "1850"]
[Result "1/2-1/2"]
[Round "1"]
1.c4 e5
2.Nb1c3 d6
3.g3 Ng8f6
4.Bf1g2 Nb8d7
5.d3 Bf8e7
6.Ng1f3 h6
7.O-O O-O
8.a3 Ra8b8
9.b4 a6
10.Bc1b2 b6
11.Qd1b3 Nf6h7
12.Nc3d5 Nd7f6
13.Nd5xe7 Qd8xe7
14.Nf3d2 Bc8b7
15.Bg2xb7 Rb8xb7
16.Qb3c2 c5
17.Bb2c3 Rf8a8
18.Ra1b1 a5
19.bxa5 bxa5
20.Rb1xb7 Qe7xb7
21.Rf1b1 Qb7c7
22.Rb1b5 a4
23.Qc2b2 Nf6d7
24.Rb5b7 Qc7c8
25.Qb2b5 Nh7f6
26.Bc3a1 { draw }
1/2-1/2

[Event "Tourn. n8145"]
[Site "www.chess-mail.com"]
[Date "2015.05.06"]
[Round "1"]
[White "Cathar"]
[Black "Difficult"]
[WhiteElo "2250"]
[BlackElo "2040"]
[Result "1-0"]
[Round "1"]
1.e4 e6
2.d4 d5
3.Nb1d2 dxe4
4.Nd2xe4 Nb8d7
5.Ng1f3 Ng8f6
6.Ne4xf6 Nd7xf6
7.c3 c5
8.Nf3e5 cxd4
9.Bf1b5 Bc8d7
10.Ne5xd7 Nf6xd7
11.Qd1xd4 a6
12.Bb5a4 b5
13.Ba4c2 Qd8f6
14.Qd4xf6 Nd7xf6
15.a4 b4
16.a5 bxc3
17.Bc2a4 Kd8
18.O-O Bf8b4
19.Rf1d1 Ke7
20.bxc3 Bb4c5
21.Ra1b1 Ra8b8
22.Bc1f4 Rb8xb1
23.Rd1xb1 Nf6d5
24.Bf4e5 f6
25.Rb1b7 { resign }
1-0

[Event "Tourn. n8169"]
[Site "www.chess-mail.com"]
[Date "2015.05.06"]
[Round "1"]
[White "Jesmantiz"]
[Black "Cathar"]
[WhiteElo "2240"]
[BlackElo "2240"]
[Result "0-1"]
[Round "1"]
1.d4 Ng8f6
2.e3 b6
3.Bf1d3 Bc8b7
4.f3 c5
5.c3 g6
6.Ng1e2 Bf8g7
7.O-O O-O
8.e4 d6
9.d5 e6
10.c4 exd5
11.exd5 b5
12.Nb1c3 bxc4
13.Bd3xc4 Nb8d7
14.Bc1g5 Nd7b6
15.Qd1d3 Nb6xc4
16.Qd3xc4 Qd8b6
17.Ra1b1 Rf8e8
18.b4 cxb4
19.Kh1 Bb7a6
20.Qc4h4 Ba6xe2
21.Nc3xe2 Re8xe2
22.Bg5xf6 Bg7xf6
23.Qh4xf6 Re2xa2
24.h4 a5
25.h5 Qb6d8
26.Qf6f4 Ra8c8
27.h6 Rc8c2
28.Rf1g1 Rc2c5
29.Rb1d1 Ra2c2
30.Rd1d4 b3
31.Rd4d3 b2
32.Qf4d4 Qd8f8
33.Qd4e3 Rc2c1
34.Rd3d1 b1Q
 { time }
0-1

[Event "Tourn. n8203"]
[Site "www.chess-mail.com"]
[Date "2015.05.06"]
[Round "1"]
[White "Yangqi"]
[Black "Vasylpuzanov"]
[WhiteElo "2200"]
[BlackElo "2210"]
[Result "1-0"]
[Round "1"]
1.c4 e5
2.g3 Nb8c6
3.Nb1c3 Ng8f6
4.Bf1g2 Bf8e7
5.Ng1f3 O-O
6.d3 d6
7.O-O Bc8d7
8.d4 exd4
{ time. }
1-0

[Event "Tourn. n8180"]
[Site "www.chess-mail.com"]
[Date "2015.05.06"]
[Round "1"]
[White "Julianlore"]
[Black "Tomcapp"]
[WhiteElo "1499"]
[BlackElo "1500"]
[Result "1-0"]
[Round "1"]
1.e4 e5
2.Ng1f3 Nb8c6
3.Bf1b5 a6
4.Bb5a4 b5
5.Ba4b3 Bf8c5
6.O-O Nc6d4
7.Nf3xe5 Ng8f6
8.Ne5xf7 Qd8e7
9.Nf7xh8 Qe7e5
10.Bb3f7 Kf8
11.c3 Nd4c6
12.d4 Nc6xd4
13.cxd4 Bc5xd4
14.Nb1d2 d6
15.Nd2f3 Bc8g4
16.Qd1xd4 Bg4xf3
17.Qd4xe5 dxe5
18.gxf3 Ke7
19.Nh8g6 hxg6
20.Bf7xg6 c5
21.Bc1g5 c4
22.f4 exf4
23.e5 c3
24.exf6 gxf6
25.Rf1e1 Kf8
26.Bg5h6 Kg8
27.Re1e7 cxb2
28.Ra1e1 b1Q
29.Re1xb1 f3
30.Rb1e1 b4
31.Re7e8 Ra8xe8
32.Re1xe8 
1-0

[Event "Tourn. n8213"]
[Site "www.chess-mail.com"]
[Date "2015.05.06"]
[Round "1"]
[White "Woodpusher2"]
[Black "Asoka"]
[WhiteElo "2620"]
[BlackElo "2610"]
[Result "1/2-1/2"]
[Round "1"]
1.c4 e5
2.g3 c6
3.d4 exd4
4.Qd1xd4 Ng8f6
5.Ng1f3 Nb8a6
6.Bf1g2 Bf8c5
7.Qd4e5 Bc5e7
8.Nb1c3 O-O
9.O-O Rf8e8
10.Rf1d1 Be7b4
11.Qe5f4 Na6c5
12.Bc1d2 Nc5e4
13.Nf3d4 Ne4xd2
14.Rd1xd2 d6
15.Nd4c2 Bb4xc3
16.bxc3 Qd8a5
17.Nc2e3 Qa5xc3
{ draw }
1/2-1/2

[Event "Tourn. n8172"]
[Site "www.chess-mail.com"]
[Date "2015.05.06"]
[Round "1"]
[White "Bevittsmith"]
[Black "Cardiff"]
[WhiteElo "2250"]
[BlackElo "2040"]
[Result "1/2-1/2"]
[Round "1"]
1.e4 Ng8f6
2.e5 Nf6d5
3.d4 d6
4.c4 Nd5b6
5.Ng1f3 Bc8g4
6.Bf1e2 e6
7.O-O Nb8c6
8.h3 Bg4xf3
9.Be2xf3 dxe5
10.Bf3xc6 bxc6
11.dxe5 Qd8xd1
12.Rf1xd1 Nb6xc4
13.Rd1e1 Ra8d8
14.a3 Bf8e7
15.Nb1c3 O-O
{ draw }
1/2-1/2

[Event "Tourn. n8086"]
[Site "www.chess-mail.com"]
[Date "2015.05.06"]
[Round "1"]
[White "Gandalf"]
[Black "Olddog55"]
[WhiteElo "1480"]
[BlackElo "1690"]
[Result "0-1"]
[Round "1"]
1.e4 e5
2.Ng1f3 d6
3.d4 Qd8e7
4.dxe5 dxe5
5.Nb1c3 g6
6.Nc3d5 Qe7c5
7.Bc1e3 Qc5a5
8.Qd1d2 Bf8b4
9.Qd2xb4 Qa5xb4
10.Nd5xb4 Ng8f6
11.Nf3xe5 O-O
12.f3 Rf8e8
13.Ne5d3 a5
14.Be3g5 Nb8d7
15.O-O-O axb4
16.Bg5xf6 Nd7xf6
17.Kb1 Re8d8
18.Bf1e2 Bc8e6
19.Nd3xb4 Nf6d7
20.a3 Rd8b8
21.h4 c5
22.Nb4d5 b5
23.Nd5c7 Ra8a7
24.Nc7xb5 Ra7b7
25.a4 c4
26.Kc1 Nd7c5
27.Nb5d6 Rb7a7
28.Be2xc4 Nc5xa4
29.Bc4xe6 fxe6
30.b3 Na4c3
31.Rd1e1 Ra7c7
32.Nd6c4 Rc7d7
33.Re1e3 Nc3a2
34.Kb2 Rd7a7
35.Rh1a1 Rb8a8
36.Nc4b6 Ra8d8
37.Ra1xa2 Ra7b7
38.Nb6c4 Rd8d4
39.Kc3 Rd4d1
40.Re3d3 Rd1g1
41.g4 Rg1e1
42.Nc4d6 Rb7c7
43.Kd2 Re1h1
44.h5 gxh5
45.gxh5 h6
46.Ra2a8 Kg7
 { time }
0-1

[Event "Tourn. n8080"]
[Site "www.chess-mail.com"]
[Date "2015.05.06"]
[Round "1"]
[White "Mrbabu"]
[Black "Falcoale"]
[WhiteElo "2010"]
[BlackElo "1860"]
[Result "1/2-1/2"]
[Round "1"]
1.d4 Ng8f6
2.Nb1c3 b6
3.e4 e6
4.a3 Bc8b7
5.Bf1d3 Bf8e7
6.Ng1f3 O-O
7.O-O d5
8.e5 Nf6d7
9.h3 c5
10.dxc5 bxc5
11.Bd3b5 a6
12.Bb5xd7 Nb8xd7
13.Bc1f4 f6
14.Rf1e1 d4
15.Nc3e4 fxe5
16.Bf4xe5 Nd7xe5
17.Nf3xe5 Be7f6
18.Ne4xf6 Qd8xf6
19.f3 Ra8d8
20.Qd1d3 Rd8d5
21.Qd3e2 Qf6g5
22.g4 Qg5f4
23.Qe2h2 Qf4f6
24.Qh2g3 Qf6f4
25.Qg3xf4 Rf8xf4
26.Kg2 h6
27.Re1e2 Rd5d8
28.Ra1d1 Rf4f6
29.Kg3 a5
30.f4 Rd8d5
31.h4 Rf6f8
32.Ne5g6 Rf8e8
33.f5 e5
34.Rd1e1 d3
35.cxd3 Rd5xd3
36.Re2e3 Rd3xe3
37.Re1xe3 e4
38.Kf4 Bb7d5
39.Ng6e5 Re8f8
40.g5 hxg5
41.hxg5 Rf8b8
42.f6 gxf6
43.gxf6 Rb8xb2
44.f7 Bd5xf7
45.Ne5xf7 Kxf7
46.Re3xe4 Rb2c2
47.Re4a4 c4
48.Ra4xa5 Rc2a2
49.Ke4 c3
50.Kd3 c2
51.Kd2 Ke6
52.Ra5c5 Ra2xa3
53.Rc5xc2 Ra3h3
54.Rc2c3 { draw }
1/2-1/2

[Event "Tourn. n8123"]
[Site "www.chess-mail.com"]
[Date "2015.05.06"]
[Round "1"]
[White "Manolinex"]
[Black "Rons"]
[WhiteElo "2730"]
[BlackElo "2560"]
[Result "1-0"]
[Round "1"]
1.d4 Ng8f6
2.c4 e6
3.Ng1f3 b6
4.a3 Bc8b7
5.Nb1c3 d5
6.Bc1f4 Bf8d6
7.Bf4g3 O-O
8.e3 c5
9.cxd5 exd5
10.Bf1d3 Rf8e8
11.O-O Bd6xg3
12.hxg3 Nb8c6
13.dxc5 bxc5
14.Ra1c1 h6
15.Bd3b5 a6
16.Bb5xc6 Bb7xc6
17.b4 c4
18.Qd1d4 Qd8e7
19.Rf1d1 Ra8d8
20.Qd4b6 Bc6b7
21.a4 Rd8d7
22.b5 axb5
23.axb5 Re8d8
24.Nf3d4 Rd8e8
25.Nd4e2 Re8d8
26.Rd1d2 Qe7e6
27.Qb6c5 Rd8a8
28.Qc5d4 Ra8a3
29.Rc1d1 Qe6f5
30.Rd2a2 Ra3xa2
31.Nc3xa2 Rd7e7
32.f3 h5
33.Na2c3 Qf5e6
34.Kf2 g5
35.Rd1a1 Nf6d7
36.Nc3a4 f6
37.Na4c5 Nd7xc5
38.Qd4xc5 Kf7
39.Qc5a3 Qe6e5
40.Ra1h1 Kg6
41.Ne2d4 Re7e8
42.Qa3c1 Bb7c8
43.b6 Bc8b7
44.Qc1d2 f5
45.f4 Qe5f6
46.fxg5 Qf6xg5
47.Rh1h4 Re8e4
48.Rh4f4 Qg5e7
49.Rf4f3 Qe7a3
50.Kg1 Qa3d6
51.Nd4xf5 Qd6xb6
52.Nf5h4 Kh7
53.Qd2f2 Re4e7
54.Kh2 Bb7c8
55.Rf3f7 Re7xf7
56.Qf2xf7 Kh6
57.Qf7f8 Kh7
58.Qf8xc8 Qb6xe3
59.Qc8d7 Kg8
60.Qd7xd5 { resign }
1-0

[Event "Tourn. n8016"]
[Site "www.chess-mail.com"]
[Date "2015.05.06"]
[Round "1"]
[White "Osopanda"]
[Black "Difficult"]
[WhiteElo "2100"]
[BlackElo "2020"]
[Result "0-1"]
[Round "1"]
1.c4 e6
2.d4 d5
3.Nb1c3 Ng8f6
4.Ng1f3 Bf8e7
5.e3 O-O
6.Bf1d3 dxc4
7.Bd3xc4 a6
8.O-O c5
9.e4 cxd4
10.Nf3xd4 Qd8c7
11.Qd1e2 Nb8c6
12.Nd4xc6 Qc7xc6
13.e5 Nf6d5
14.Bc1d2 Nd5xc3
15.Bd2xc3 b5
16.Bc4b3 Bc8b7
17.Qe2g4 h5
18.Qg4g3 h4
19.Qg3h3 Rf8d8
20.Ra1c1 Rd8d3
21.f3 Qc6b6
22.Kh1 b4
23.Bc3e1 Ra8d8
24.Be1f2 Qb6a5
25.Bf2xh4 Be7xh4
26.Qh3xh4 Qa5xe5
27.Bb3c2 Rd3d4
28.Qh4h7 Kf8
29.Rf1e1 Qe5f6
30.Bc2e4 Bb7xe4
31.fxe4 Rd4d2
32.Re1f1 Qf6g5
33.Rf1g1 Rd2xg2
34.Rg1xg2 Qg5xc1
35.Rg2g1 Qc1h6
36.Qh7xh6 gxh6
37.Rg1c1 Rd8d2
38.Rc1c6 a5
39.Rc6c5 a4
40.Rc5a5 Rd2xb2
41.Ra5xa4 Kg7
42.h4 Kg6
43.Ra4a5 b3
44.h5 Kf6
45.axb3 Rb2xb3
46.Kg2 Rb3b4
47.e5 Kg5
48.Ra5a7 Kxh5
49.Ra7xf7 Rb4e4
50.Rf7f6 Re4xe5
51.Kf3 Re5f5
{ resign }
0-1

[Event "Tourn. n8074"]
[Site "www.chess-mail.com"]
[Date "2015.05.06"]
[Round "1"]
[White "Jaroslavpech"]
[Black "Emmanuelasi"]
[WhiteElo "2330"]
[BlackElo "2250"]
[Result "1-0"]
[Round "1"]
1.e4 Nb8c6
2.d4 e5
3.dxe5 Nc6xe5
4.Ng1f3 Ne5xf3
5.Qd1xf3 d6
6.Nb1c3 Ng8f6
7.h3 Bf8e7
8.Bc1f4 Bc8e6
9.O-O-O Qd8c8
10.Nc3d5 Be6xd5
11.exd5 O-O
12.g4 Nf6d7
13.h4 Rf8e8
14.g5 Be7f8
15.h5 a6
16.Bf1h3 Qc8d8
17.g6 Nd7f6
18.gxf7 Kxf7
19.h6 g6
20.Bf4g5 Bf8e7
21.Bh3e6 Kf8
22.Rh1h4 { resign }
1-0

[Event "Match"]
[Site "www.echecsemail.com"]
[Date "2015.05.06"]
[Round "1"]
[White "Mitja"]
[Black "Bojan"]
[WhiteElo "1610"]
[BlackElo "1920"]
[Result "1-0"]
[Round "1"]
1.d4 d5
2.e3 e6
3.Ng1f3 Bc8d7
4.c3 a6
5.Nb1d2 f6
6.e4 dxe4
7.Nd2xe4 Ng8e7
8.Ne4c5 Bd7c6
9.Nc5xe6 Qd8d5
10.Ne6xc7 Kf7
11.Nc7xd5 Bc6xd5
12.Bf1d3 Ne7g6
13.Bd3xg6 hxg6
14.Qd1d3 Bf8d6
15.c4 Bd5e6
16.Bc1d2 Be6f5
17.Qd3b3 Bf5e4
18.c5 Ke7
19.cxd6 Kxd6
20.Ra1c1 Rh8e8
21.O-O Be4d5
22.Bd2f4 { resign }
1-0

[Event "Match"]
[Site "www.echecsemail.com"]
[Date "2015.05.06"]
[Round "1"]
[White "Darknight"]
[Black "Oxycontin"]
[WhiteElo "1750"]
[BlackElo "2030"]
[Result "0-1"]
[Round "1"]
1.e4 Ng8f6
2.Nb1c3 d5
3.e5 Nf6d7
4.d4 e6
5.a3 c5
6.Bc1e3 Nb8c6
7.Bf1b5 cxd4
8.Bb5xc6 dxe3
9.Bc6xd7 Bc8xd7
10.fxe3 Ra8c8
11.Ng1e2 Bf8c5
12.Qd1d2 Qd8b6
13.b3 Bc5xe3
14.Qd2d3 d4
15.Nc3d1 Bd7b5
16.c4 Bb5c6
17.Nd1xe3 dxe3
18.O-O Rc8d8
19.Qd3c3 Rd8d2
20.Rf1e1 O-O
21.Kh1 Rf8d8
22.h3 Rd8d3
23.Qc3c1 Qb6xb3
24.Ra1b1 Qb3xa3
25.Qc1xa3 Rd3xa3
26.Ne2f4 Rd2f2
27.Nf4e2 Rf2xg2
28.Ne2d4 Bc6e4
29.Rb1c1 Rg2d2
30.Kg1 Rd2xd4
31.Kh2 Ra3a2
32.Kg3 Ra2g2
33.Kf4 Be4c6
34.Kxe3 Rd4e4
35.Kd3 Rg2g3
36.Kc2 Re4xc4
37.Kb2 Rc4xc1
38.Re1xc1 Rg3xh3
39.Rc1d1 Kf8
40.Rd1d8 Ke7
{ resign }
0-1

[Event "Match"]
[Site "www.echecsemail.com"]
[Date "2015.05.06"]
[Round "1"]
[White "Sanci"]
[Black "Kai1"]
[WhiteElo "1280"]
[BlackElo "1590"]
[Result "0-1"]
[Round "1"]
1.e4 d5
2.f3 e5
3.d3 Nb8c6
4.Nb1d2 Bf8d6
5.g4 Bc8e6
6.b3 Qd8h4
7.Ke2 Bd6c5
8.d4 Bc5xd4
 { time }
0-1

[Event "Match"]
[Site "www.echecsemail.com"]
[Date "2015.05.06"]
[Round "1"]
[White "Nham"]
[Black "Yussuf1000"]
[WhiteElo "2160"]
[BlackElo "1499"]
[Result "0-1"]
[Round "1"]
1.d4 Ng8f6
2.c4 e6
3.Nb1c3 Bf8b4
4.Qd1c2 c5
5.dxc5 O-O
6.Ng1f3 Nb8c6
7.e3 Bb4xc5
8.Bf1e2 b6
9.a3 Bc8b7
10.b4 Bc5e7
11.O-O d6
12.Bc1b2 a5
13.Rf1d1 axb4
14.axb4 Nc6xb4
15.Qc2b3 Nb4a6
16.Nc3a4 Na6c5
17.Na4xc5 bxc5
18.Ra1xa8 Bb7xa8
19.Rd1a1 Qd8c7
20.Qb3c3 Rf8b8
21.Be2d3 Ba8xf3
22.gxf3 Qc7b7
23.Ra1b1 Qb7xf3
24.Bd3c2 Qf3g4
25.Kf1 Qg4h4
26.Kg1 Qh4g5
27.Kf1 Nf6g4
28.h4 Ng4h2
29.Ke2 Qg5g4
30.Ke1 Be7xh4
31.Qc3d3 Qg4g1
32.Kd2 Nh2f3
{ resign }
0-1

[Event "Match"]
[Site "www.echecsemail.com"]
[Date "2015.05.06"]
[Round "1"]
[White "Krystek23"]
[Black "Andradamaria"]
[WhiteElo "2370"]
[BlackElo "2249"]
[Result "1-0"]
[Round "1"]
1.c4 Ng8f6
2.Nb1c3 e5
3.g3 d5
4.Bf1g2 Nb8c6
5.cxd5 Nc6e7
6.d4 e4
7.Bc1g5 Nf6xd5
8.Bg2xe4 Nd5xc3
9.bxc3 h6
10.Bg5xe7 Bf8xe7
11.Ra1b1 c6
12.Qd1c2 O-O
13.Ng1f3 Bc8g4
14.Rb1xb7 Qd8d6
15.Nf3e5 Qd6e6
16.Ne5xg4 Qe6xg4
17.Rb7xe7 Rf8e8
18.Re7xe8 Ra8xe8
19.Be4xc6 { resign }
1-0

[Event "Match"]
[Site "www.echecsemail.com"]
[Date "2015.05.06"]
[Round "1"]
[White "Supernovae"]
[Black "Azorau"]
[WhiteElo "1950"]
[BlackElo "1579"]
[Result "1-0"]
[Round "1"]
1.e4 e5
2.f4 Nb8c6
3.Nb1c3 Bf8c5
4.Ng1f3 Ng8f6
5.Bf1c4 h6
6.fxe5 Nf6g4
7.d4 Bc5b4
8.O-O h5
9.Nf3g5 O-O
10.Rf1xf7 Kh8
11.Qd1f3 Bb4e7
12.Nc3d5 Nc6xd4
13.Qf3f4 Nd4e6
14.Ng5xe6 Rf8xf7
15.Qf4xf7 dxe6
16.Nd5xe7 Ng4xe5
17.Qf7xh5 
1-0

[Event "Match"]
[Site "www.echecsemail.com"]
[Date "2015.05.06"]
[Round "1"]
[White "Orae"]
[Black "Chtoubidou"]
[WhiteElo "1589"]
[BlackElo "1950"]
[Result "1-0"]
[Round "1"]
1.e4 d5
2.exd5 Ng8f6
3.c4 c6
4.dxc6 Nb8xc6
5.Ng1f3 e5
6.Qd1e2 e4
7.Nb1c3 Bc8f5
8.d3 Nc6d4
9.Nf3xd4 Bf5g6
10.Bc1g5 Bf8c5
11.Nc3xe4 Bc5b4
12.Ne4d2 Qd8e7
13.Bg5xf6 Bb4xd2
14.Kxd2 Qe7xe2
15.Bf1xe2 gxf6
16.Rh1e1 O-O-O
17.Nd4b5 Kb8
18.a4 { resign }
1-0

[Event "Match"]
[Site "www.echecsemail.com"]
[Date "2015.05.06"]
[Round "1"]
[White "Gimmyg"]
[Black "Krystek23"]
[WhiteElo "2070"]
[BlackElo "2330"]
[Result "1-0"]
[Round "1"]
1.d4 Ng8f6
2.Bc1f4 d6
3.c4 c6
4.h3 Qd8b6
5.b3 e5
6.Bf4e3 d5
7.dxe5 Bf8b4
8.Nb1d2 d4
9.Be3f4 Nf6e4
10.Ng1f3 Bb4c3
11.Ra1c1 O-O
12.e3 Bc8f5
13.exd4 Bc3b2
14.Nd2xe4 Bf5xe4
15.Nf3g5 Be4g6
16.c5 Qb6b4
17.Qd1d2 Qb4xd2
18.Kxd2 Bb2xc1
19.Kxc1 Nb8a6
20.Bf1xa6 bxa6
21.Rh1e1 h6
22.Ng5e4 Bg6xe4
23.Re1xe4 Rf8e8
24.Kc2 Ra8d8
25.g4 Rd8d7
26.Kd3 Kh7
27.Bf4d2 a5
28.Bd2xa5 h5
29.gxh5 a6
30.Ba5d2 Rd7d5
31.a4 Re8d8
32.Kc4 Kg8
33.h6 gxh6
34.Bd2xh6 Rd8e8
35.Re4g4 Kh7
36.Bh6d2 Rd5d7
37.f4 Re8g8
38.Rg4h4 Kg7
39.Rh4g4 Kh7
40.f5 Rg8xg4
41.hxg4 Rd7d8
42.b4 Kg7
43.Bd2g5 Rd8g8
44.Bg5f6 Kf8
45.b5 axb5
46.axb5 cxb5
47.Kxb5 Rg8xg4
48.d5 Rg4f4
49.c6 Rf4f1
50.d6 Rf1b1
51.Kc5 Rb1c1
52.Kb6 Rc1b1
53.Kc7 Rb1f1
54.d7 Rf1d1
55.d8Q Rd1xd8
56.Kxd8 Kg8
57.c7 { resign }
1-0

[Event "Match"]
[Site "www.echecsemail.com"]
[Date "2015.05.06"]
[Round "1"]
[White "Andradamaria"]
[Black "Add"]
[WhiteElo "2249"]
[BlackElo "1980"]
[Result "0-1"]
[Round "1"]
1.d4 e6
2.e4 d6
3.Ng1f3 c6
4.Bf1d3 Nb8d7
5.O-O h6
6.Nb1c3 a6
7.a4 b5
8.axb5 cxb5
9.Nc3xb5 Bc8b7
10.Nb5c3 Ng8f6
11.Rf1e1 Bf8e7
12.e5 Nf6d5
13.Nc3xd5 Bb7xd5
14.c4 Bd5b7
15.d5 O-O
16.dxe6 Bb7xf3
17.Qd1xf3 Nd7xe5
18.exf7 Rf8xf7
19.Qf3e4 Ne5xd3
20.Qe4xd3 Qd8b6
21.Qd3d5 Qb6xf2
{ resign }
0-1

[Event "Match"]
[Site "www.echecsemail.com"]
[Date "2015.05.06"]
[Round "1"]
[White "Vinvangogh"]
[Black "Gilliere"]
[WhiteElo "1550"]
[BlackElo "1800"]
[Result "0-1"]
[Round "1"]
1.e4 e5
2.Ng1f3 d6
3.Bf1b5 c6
4.Bb5c4 h6
5.d4 exd4
6.Nf3xd4 a6
7.Qd1f3 Ng8f6
8.Nd4f5 Bc8xf5
9.Qf3xf5 Nb8d7
10.Bc1f4 b5
11.e5 dxe5
12.O-O bxc4
13.Rf1e1 Bf8e7
14.Re1xe5 Nd7xe5
15.Nb1c3 Ne5d7
16.Ra1e1 O-O
17.Nc3e4 Nf6xe4
18.Qf5xe4 Rf8e8
19.Qe4xc4 c5
20.Re1e5 Nd7xe5
21.Bf4xe5 Qd8d1
22.Qc4f1 Qd1xf1
23.Kxf1 Be7f6
24.f4 Bf6xe5
25.fxe5 Re8xe5
26.Kf2 Ra8e8
27.g4 Re5e2
28.Kf3 Re2xh2
29.c3 Rh2xb2
30.Kf4 Rb2xa2
{ resign }
0-1

[Event "1/64 Finale"]
[Site "www.chess-mail.com"]
[Date "2015.05.06"]
[Round "1"]
[White "Gandalf"]
[Black "Hennie4820"]
[WhiteElo "1600"]
[BlackElo "1950"]
[Result "0-1"]
[Round "1"]
1.e4 c5
2.Nb1c3 Nb8c6
3.g3 e6
4.Bf1g2 Ng8f6
5.Ng1e2 d6
6.d4 cxd4
7.Ne2xd4 a6
8.O-O Bf8e7
9.h3 Qd8c7
10.Bc1e3 Bc8d7
11.Nd4xc6 Bd7xc6
12.Qd1d2 O-O
13.f4 Ra8c8
14.g4 Rc8d8
15.g5 Nf6d7
16.h4 Nd7b6
17.Qd2e2 f5
18.exf5 Rf8xf5
19.Bg2xc6 Qc7xc6
20.Ra1d1 Nb6c4
21.Be3c1 Qc6b6
22.Kg2 e5
23.Qe2xc4 Kh8
24.fxe5 Rf5xf1
25.Rd1xf1 dxe5
26.Nc3d5 Qb6e6
27.Nd5e3 Qe6g6
28.Qc4f7 Qg6e4
29.Qf7f3 Qe4xh4
30.Rf1f2 Qh4xg5
31.Kf1 h6
 { time }
0-1

[Event "1/128 Finale"]
[Site "www.chess-mail.com"]
[Date "2015.05.06"]
[Round "1"]
[White "Chesspower"]
[Black "Selby52"]
[WhiteElo "1730"]
[BlackElo "1619"]
[Result "0-1"]
[Round "1"]
1.d4 Ng8f6
2.c4 e6
3.Nb1c3 Bf8b4
4.e3 b6
5.Ng1e2 c5
6.a3 Bb4a5
7.Bc1d2 O-O
8.Ra1b1 Qd8e7
9.dxc5 bxc5
10.Ne2f4 Nb8c6
11.Bf1e2 Ba5c7
12.O-O Ra8b8
13.Be2f3 Rf8d8
14.Qd1e2 Nc6e5
15.Nc3b5 Ne5xf3
16.Qe2xf3 Bc8b7
17.Qf3e2 Bc7b6
18.Rf1d1 e5
19.Nf4d5 Nf6xd5
20.cxd5 Bb7xd5
21.e4 Bd5b3
22.Rd1c1 Qe7e6
23.Bd2e3 d5
24.exd5 Bb3xd5
25.Rc1d1 Bd5c4
{ resign }
0-1

[Event "1/128 Finale"]
[Site "www.chess-mail.com"]
[Date "2015.05.06"]
[Round "1"]
[White "Averoes"]
[Black "Cardiff"]
[WhiteElo "2200"]
[BlackElo "2030"]
[Result "1-0"]
[Round "1"]
1.d4 g6
2.c4 Bf8g7
3.Nb1c3 d6
4.e4 Ng8f6
5.Bf1e2 e5
6.dxe5 dxe5
7.Qd1xd8 Kxd8
8.Bc1g5 c6
9.O-O-O Ke8
10.f4 Nb8d7
11.Ng1f3 exf4
12.Bg5xf4 h6
13.Bf4d6 Bg7f8
14.Bd6xf8 Kxf8
15.e5 Nf6g4
16.e6 fxe6
17.Rh1f1 Kg7
18.Rd1d6 Nd7c5
19.b4 Nc5a6
20.a3 Ng4e3
21.Rf1g1 Ne3f5
22.Rd6d2 Kf7
23.g4 Nf5g7
24.Nf3e5 Kf6
25.Ne5d3 b6
26.Nc3e4 Ke7
27.Nd3e5 { resign }
1-0

[Event "Eq:Angels of Checkmate-La Taverne : "]
[Site "www.chess-mail.com"]
[Date "2015.05.06"]
[Round "1"]
[White "Oxycontin"]
[Black "Haukia"]
[WhiteElo "2060"]
[BlackElo "2210"]
[Result "0-1"]
[Round "1"]
1.Ng1f3 Ng8f6
2.g3 d5
3.d4 e6
4.Bf1g2 Bf8e7
5.O-O O-O
6.Nb1d2 c5
7.c3 Nb8c6
8.Rf1e1 cxd4
9.cxd4 b6
10.e4 dxe4
11.Nd2xe4 Nf6xe4
12.Re1xe4 Bc8b7
13.a3 Be7f6
14.d5 Qd8xd5
15.Qd1xd5 exd5
16.Re4e1 Rf8e8
17.Bc1f4 Bf6xb2
{ resign }
0-1

[Event "Eq:Slap Shot Mates-The League Of Gentlemen : "]
[Site "www.chess-mail.com"]
[Date "2015.05.06"]
[Round "1"]
[White "Jpmartinez"]
[Black "Bluetealeaf"]
[WhiteElo "2560"]
[BlackElo "1720"]
[Result "1-0"]
[Round "1"]
1.c4 e5
2.Nb1c3 c6
3.d4 Qd8e7
4.g3 d6
5.Bf1g2 Ng8f6
6.Ng1f3 h6
7.O-O h5
8.Bc1g5 Bc8f5
9.d5 Nb8d7
10.Nf3h4 g6
11.dxc6 Nd7c5
12.Nc3d5 Qe7d7
13.Nd5xf6 Kd8
14.Nf6xd7 Kc7
15.Nd7xc5 dxc5
16.Nh4xf5 gxf5
17.Qd1d7 Kb6
18.Qd7xb7 Ka5
19.Qb7b5 { resign }
1-0

[Event "Fast Game"]
[Site "www.echecsemail.com"]
[Date "2015.05.06"]
[Round "1"]
[White "Lena"]
[Black "Derfel83"]
[WhiteElo "1599"]
[BlackElo "1550"]
[Result "1-0"]
[Round "1"]
1.e4 e6
2.d4 d5
3.Nb1d2 dxe4
4.Nd2xe4 Bc8d7
5.c4 Bd7c6
6.Ne4c3 b6
7.Ng1f3 Ng8f6
8.Bf1e2 Bf8d6
9.O-O O-O
10.Bc1e3 Rf8e8
11.Nf3e5 Bc6b7
12.f4 Bd6xe5
13.fxe5 Nf6e4
14.Be2d3 Ne4xc3
15.bxc3 Nb8c6
16.Qd1c2 g6
17.Rf1f6 Nc6a5
18.Bd3xg6 fxg6
19.Rf6xg6 hxg6
20.Qc2xg6 Kh8
21.Be3g5 Qd8xg5
22.Qg6xg5 Na5xc4
23.Ra1f1 Bb7xg2
24.Rf1f7 { resign }
1-0

[Event "Tourn. n8029"]
[Site "www.chess-mail.com"]
[Date "2015.05.07"]
[Round "1"]
[White "Cardiff"]
[Black "Samael"]
[WhiteElo "1930"]
[BlackElo "2090"]
[Result "1/2-1/2"]
[Round "1"]
1.c4 e5
2.Nb1c3 Ng8f6
3.g3 d6
4.Bf1g2 Nb8c6
5.d3 Bf8e7
6.Ng1f3 O-O
7.O-O Bc8d7
8.Bc1g5 Ra8b8
9.a3 Nc6d4
10.Bg5xf6 Be7xf6
11.Nc3d5 Nd4xf3
12.Bg2xf3 c6
13.Nd5xf6 Qd8xf6
14.b4 b5
15.Bf3g2 a6
16.Qd1c2 Rb8c8
17.Qc2c3 Qf6e7
18.Rf1c1 Kh8
19.cxb5 cxb5
20.Qc3d2 Rc8xc1
21.Ra1xc1 Bd7c8
22.Qd2c3 h6
23.Qc3c7 Qe7xc7
24.Rc1xc7 Kg8
25.h3 Rf8d8
26.Bg2d5 Rd8f8
27.Bd5xf7 Kh7
28.Bf7d5 Bc8xh3
29.Rc7c6 a5
30.bxa5 Rf8a8
31.a6 Bh3c8
32.Rc6xd6 Ra8xa6
33.Rd6xa6 Bc8xa6
34.Kg2 Kg6
35.Kf3 Kf5
36.g4 Kf6
37.e3 b4
38.axb4 Ba6xd3
39.Bd5c6 Ke6
40.b5 g5
41.b6 Kd6
42.Bc6e4 Bd3a6
43.b7 Kc7
44.Be4d5 Ba6d3
45.Bd5e4 Bd3a6
46.Be4d5 Ba6d3
47.Kg3 { draw }
1/2-1/2